000 00940nam a2200289 a 4500
001 BRL_1256
005 20190320211120.0
008 061213s1961----mx-aoe####---#000-0#spa-#
041 _aspa
044 _amx
050 4 _aF1435.1.B6
_b.P5 1961
100 1 _aPiña Chan, Román
_9819
245 1 0 _aBonampak
_cRomán Piña Chan ; fotografías Raúl Pavón Abreu, José Luis Lorenzo y Román Piña Chan.
300 _a77 p.
_bil. a color, planos
_c24 cm.
500 _aej.1 Au1447 ; ej.2 Au1718
500 _aLa biblioteca cuenta con 2 ejemplares
500 _aIncluye índice de ilustraciones
504 _aBibliografía: 67
650 1 4 _aArte maya
_9621
650 1 4 _aLacandones
_923920
650 1 4 _aPintura mural y decoración
_zBonampak (Chiapas)
_926288
651 4 _aBonampak (Chiapas)
_926289
700 1 _aPavón Abreu, Raúl
_eil.
_926290
700 1 _aLorenzo, José Luis
_eil.
_926291
902 _aGRL
942 _2lcc
_cB
999 _c10068
_d10068